| 000 | 01061nam a22003370a 4500 | ||
|---|---|---|---|
| 001 | PT18577 | ||
| 003 | AR-LpoUNG | ||
| 005 | 20210131232826.0 | ||
| 008 | 191001s2003||||bl |||||||||||||||||por d | ||
| 020 |
_a8575151193 _c$37.00 |
||
| 040 |
_aAR-LpoUNG _bspa _cAR-LpoUNG _eaacr |
||
| 041 | _apor | ||
| 044 | _abl | ||
| 082 | 0 | _a981.061 687dia | |
| 100 | 1 | _aRodeghero, Carla Simone | |
| 245 | 1 | 0 |
_aO diabo é vermelho : _bimaginário anticomunista e igreja católica no Río Grande do Sul ( 1945 - 1964 ) |
| 250 | _a2da. ed. | ||
| 260 |
_aRio Grande do Sul : _bUniversidade de Passo Fundo, _c2003. |
||
| 300 |
_a158 p. : _btbls., gráfs. |
||
| 520 | _a<p>Estudia las formas asumidas por el anticomunismo católico en Río Grande do Sul entre 1945-1964.</p> | ||
| 650 | 4 | _aBRASIL | |
| 650 | 4 | _aCOMUNISMO | |
| 650 | 4 | _aHISTORIA | |
| 650 | 4 | _aHISTORIA SOCIAL | |
| 650 | 4 | _aIDEOLOGIAS | |
| 650 | 4 | _aIGLESIA CATOLICA | |
| 650 | 4 | _aINSTITUCIONES RELIGIOSAS | |
| 710 | 2 | _aUniversidade de Passo Fundo ( Brasil ) | |
| 905 | _a18577 | ||
| 942 | _cLIB | ||
| 999 |
_c17692 _d17692 |
||